Logo CIB grande

Bioprocess engineering principles (Registro nro. 236734)

Detalles MARC
000 -LEADER
campo de control de longitud fija 00532nam a2200193Ia 4500
005 - FECHA Y HORA DE LA ÚLTIMA TRANSACCIÓN
campo de control 20250425162812.0
008 - DATOS DE LONGITUD FIJA--INFORMACIÓN GENERAL
campo de control de longitud fija 250425s9999 xx 000 0 und d
020 ## - NÚMERO INTERNACIONAL ESTÁNDAR DEL LIBRO
Número Internacional Estándar del Libro 9780122208515
041 ## - CÓDIGO DE IDIOMA
--
Código de lengua original eng
082 ## - NÚMERO DE LA CLASIFICACIÓN DECIMAL DEWEY
Número de clasificación 660.63
Iniciales del Autor DOR
010 ## - NÚMERO DE CONTROL DE LA BIBLIOTECA DEL CONGRESO
Número de control de LC 109283
100 ## - ENTRADA PRINCIPAL--NOMBRE DE PERSONA
Nombre de persona Doran, Pauline M.
245 #0 - MENCIÓN DEL TÍTULO
Título Bioprocess engineering principles
Mención de responsabilidad, etc. Pauline M. Doran
260 ## - PUBLICACIÓN, DISTRIBUCIÓN, ETC.
Lugar de publicación, distribución, etc. Oxford
Nombre del editor, distribuidor, etc. Academic Press
Fecha de publicación, distribución, etc. 2013
300 ## - DESCRIPCIÓN FÍSICA
Extensión 919 p.
Otras características físicas gráficos
Dimensiones 23 cm.
500 ## - NOTA GENERAL
Nota general Contiene Apéndice e índice
650 ## - PUNTO DE ACCESO ADICIONAL DE MATERIA--TÉRMINO DE MATERIA
Término de materia o nombre geográfico como elemento de entrada Ingeniería Química
942 ## - ELEMENTOS DE ENTRADA SECUNDARIOS (KOHA)
Tipo de ítem Koha Libros
Existencias
Estatus retirado Estado de pérdida Estado de daño No para préstamo Biblioteca de origen Biblioteca actual Fecha de adquisición Coste, precio normal de compra Etiqueta RFID Total de préstamos Código de barras Copia número Tipo de ítem Koha
        CENTRO DE INFORMACIÓN BIBLIOTECARIA CENTRO DE INFORMACIÓN BIBLIOTECARIA 19/08/2020 120.00 0000000000000000035340   80037 1 Libros
        CENTRO DE INFORMACIÓN BIBLIOTECARIA CENTRO DE INFORMACIÓN BIBLIOTECARIA 19/08/2020 120.00 0000000000000000035291   80255 2 Libros

Copyright 2025 ESPOL. Todos los derechos reservados.